000 00630nam a2200193Ia 4500
003 LK-CoDNM
005 20240305125251.0
008 010623t1929 xxu||||| |||| 00| 1 eng d
040 _aLK-CoDNM
_dLK-CoDNM
_eLK-CoDNM
041 _aeng
_asin
080 _a104 Z6
100 _aFernando,S.Joseph
245 _aශ්‍රීමත් තෝමස් ඇඩ්වාඩ් ද සම්පායෝ මැතිදුන්ගේ ජීවන චරිතය
246 _aThe life of Sir Thomas de Sampayo
260 _bSt.Vincents press
_aMaggona
_c1929
300 _bDamaged
_a16p.,22 cm
650 _aBiography
942 _cBK
999 _c95055
_d95055